Born in New Jersey Quiz Stats

Quiz Updated Jul 17, 2015

Also try: Born in New York
Challenge
Share
Tweet
Score 0/20 Timer 04:00
3 Plays Today
% Correct
ActorMeryl Streep
90.8%
ActorDanny DeVito
90.4%
MusicianJon Bon Jovi
84.6%
ActorMichael Douglas
84.2%
MusicianBruce Springsteen
83.8%
AthleteShaquille O'Neal
82.7%
ChefMartha Stewart
81%
MusicianWhitney Houston
76.3%
AthleteDerek Jeter
71.9%
PoliticianChris Christie
70.2%
% Correct
MusicianQueen Latifah
70.1%
TV HostKelly Ripa
62.8%
MagicianDavid Copperfield
57.2%
ActorKirsten Dunst
54.8%
ComedianJerry Lewis
50.9%
AstronautBuzz Aldrin
50.7%
MusicianPaul Simon
46%
MusicianLauryn Hill
38.1%
PoliticianGrover Cleveland
36.6%
TV HostChelsea Handler
34.7%

You're not logged in!

Compare scores with friends on all Sporcle quizzes.
Sign Up with Email
OR
Log In

You Might Also Like...

Show Comments

Extras

Top Quizzes Today


Score Distribution

Your Account Isn't Verified!

In order to create a playlist on Sporcle, you need to verify the email address you used during registration. Go to your Sporcle Settings to finish the process.